Mixed Word: 5 Letter Mix Quiz Stats

Quiz Updated Apr 2, 2018

Also try: Just Pick One: A-Z
Challenge
Share
Tweet
Embed
Score 0/20 Timer 02:00
0 Plays Today
Scramble Answer % Correct
GETIRTIGER
95.7%
AXSETTEXAS
95.4%
ELAWLWALL-E
95%
ATLINLATIN
94.6%
MOREHHOMER
93.9%
IATIBTIBIA
93.3%
SAMDAADAMS
92%
SOTLCCOLTS
91.9%
USNVEVENUS
91.1%
GSTNISTING
88.5%
Scramble Answer % Correct
SESXEESSEX
86.4%
WORNBBROWN
84.2%
NICOSSONIC
81.1%
TALAMMALTA
80.7%
RAMOIMARIO
79.4%
EOCLLCELLO
79.3%
CHUPIPICHU
74.4%
ORCAICAIRO
72.3%
STUTITITUS
63.3%
KONRAKRONA
44.3%

You're not logged in!

Compare scores with friends on all Sporcle quizzes.
Sign Up with Email
OR
Log In

You Might Also Like...

Show Comments

Extras

Top Quizzes Today


Score Distribution

Your Account Isn't Verified!

In order to create a playlist on Sporcle, you need to verify the email address you used during registration. Go to your Sporcle Settings to finish the process.

Report this User

Report this user for behavior that violates our Community Guidelines.

Details: